Estatísticas para Campeões da NBA

Clique aqui para jogar o quiz

Estatísticas Gerais

  • Esse quiz foi jogado 1 229 vezes
  • A pontuação média é 55 de 75

Estatísticas das Respostas

AnoCampeão% Correto
2002Los Angeles Lakers
97%
1972Los Angeles Lakers
97%
2020Los Angeles Lakers
97%
2000Los Angeles Lakers
97%
1988Los Angeles Lakers
97%
1987Los Angeles Lakers
97%
1985Los Angeles Lakers
97%
2001Los Angeles Lakers
97%
2010Los Angeles Lakers
97%
1982Los Angeles Lakers
97%
2009Los Angeles Lakers
97%
1980Los Angeles Lakers
97%
1969Boston Celtics
96%
1984Boston Celtics
96%
1974Boston Celtics
96%
1976Boston Celtics
96%
1981Boston Celtics
96%
1986Boston Celtics
96%
1968Boston Celtics
96%
2008Boston Celtics
96%
1966Boston Celtics
96%
1964Boston Celtics
96%
1963Boston Celtics
96%
1957Boston Celtics
96%
1962Boston Celtics
96%
1965Boston Celtics
96%
1961Boston Celtics
96%
1959Boston Celtics
96%
1960Boston Celtics
96%
2018Golden State Warriors
93%
1975Golden State Warriors
93%
2015Golden State Warriors
93%
2017Golden State Warriors
93%
1991Chicago Bulls
89%
1992Chicago Bulls
89%
1993Chicago Bulls
89%
1998Chicago Bulls
89%
1997Chicago Bulls
89%
1996Chicago Bulls
89%
2013Miami Heat
84%
2006Miami Heat
84%
2012Miami Heat
84%
2019Toronto Raptors
78%
2016Cleveland Cavaliers
77%
2014San Antonio Spurs
77%
2003San Antonio Spurs
77%
1999San Antonio Spurs
77%
2005San Antonio Spurs
77%
2007San Antonio Spurs
77%
2021Milwaukee Bucks
70%
1971Milwaukee Bucks
70%
2011Dallas Mavericks
67%
1990Detroit Pistons
65%
1989Detroit Pistons
65%
2004Detroit Pistons
65%
1995Houston Rockets
63%
1994Houston Rockets
63%
1983Philadelphia 76ers
54%
1967Philadelphia 76ers
54%
1970New York Knicks
53%
1973New York Knicks
53%
1979Seattle SuperSonics
31%
1954Minneapolis Lakers
28%
1953Minneapolis Lakers
28%
1952Minneapolis Lakers
28%
1950Minneapolis Lakers
28%
1949Minneapolis Lakers
28%
1977Portland Trail Blazers
26%
1956Philadelphia Warriors
22%
1947Philadelphia Warriors
18%
1978Washington Bullets
17%
1948Baltimore Bullets
11%
1958St. Louis Hawks
11%
1951Rochester Royals
8%
1955Syracuse Nationals
6%

Distribuição das Pontuações

Percentil de Números Respondidos

Porcentagem de Pessoas com Cada Pontuação

Sua Pontuação Histórica

Você não jogou esse quiz